| 000 | 00425nam a2200169Ia 4500 | ||
|---|---|---|---|
| 003 | GCL | ||
| 008 | 140319s9999 xx 000 0 eng d | ||
| 040 |
_aGCL / _cGCL |
||
| 082 | 0 | 4 |
_a939.4 _bW J |
| 100 | 1 | _aWILLIAMSON, G.A | |
| 245 | 1 | 0 |
_aJOSEPHUS: THE JEWISH WAR / _cWILLIAMSON, G.A |
| 260 |
_a[S.N] : _bPENGUIN BOOKS ، _c1940 |
||
| 300 | _a511 P | ||
| 650 | 0 | 4 | _aHISTORY |
| 650 | 0 | 4 | _aJEWISH - HISTORY |
| 942 |
_2ddc _cBK |
||
| 999 |
_c15259 _d15259 |
||